008320000a22001930004500020001500000041000900015090001200024110003600036245011700072260004700189300001000236505011800246520012000364650001300484001000600497942000700503952011100510999001700621 aDonación0 aEng. aAV 01231 aSummer Institute of Linguistics10aSecurity for you and your family : personal security guidelines and procedures / Summer Institute of Linguistics aBogotá : Summer Institute of Linguistics a28 p.00aActitudes de seguridad -- la vigilancia -- pautas de seguridad personal -- seguridad general antes de ser dopado aEs un guía de seguridad, con consejos para ayudar evitar ser víctima de un crimen mientras se esta en Colombia.14aMISIONES17237 cBK 001040708AVaFUSBCbFUSBCd2011-07-15l0o AV 0123p17266r2019-12-12 00:00:00t1w2016-01-26yAVB0C3 c43901d43901